[Event "KAZ-ch"]
[Site "Almaty"]
[Date "2016.05.13"]
[Round "11"]
[White "Gurkin, Anton"]
[Black "Kostenko, Petr"]
[Result "0-1"]
[WhiteElo "2276"]
[BlackElo "2457"]
[PlyCount "92"]
[EventDate "2016.05.03"]
[EventType "tourn"]
[EventRounds "11"]
[EventCountry "KAZ"]
[EventCategory "8"]
[SourceTitle "CBM 172 Extra"]
[Source "ChessBase"]
[SourceDate "2016.06.21"]
[SourceVersion "1"]
[SourceVersionDate "2016.06.21"]
[SourceQuality "1"]

1. e4 e6 2. d4 d5 3. exd5 exd5 4. c4 Nf6 5. Nf3 Bb4+ 6. Bd2 Bxd2+ 7. Nbxd2 0-0 8. Be2 Nh5 9. 0-0 Nf4 10. Re1 Nc6 11. c5 Qf6 12. Nb3 Bg4 13. Bb5 Bxf3 14. Qxf3 Nxd4 15. Nxd4 Qxd4 16. Rad1 Qf6 17. b4 a5 18. Rb1 c6 19. Bf1 Qg5 20. h4 Qxh4 21. g3 Nh3+ 22. Kg2 Qh6 23. Bd3 Ng5 24. Qg4 axb4 25. Re5 f5 26. Bxf5 Rxa2 27. Rxb4 Nh3 28. Qxh3 Rxf2+ 29. Kg1 R2xf5 30. Qxh6 Rf1+ 31. Kg2 R8f2+ 32. Kh3 Rh1+ 33. Kg4 Rxh6 34. Rxb7 Rg6+ 35. Kh3 h6 36. Rb8+ Rf8 37. Rb3 Kh7 38. Re7 Rf2 39. Rc3 Rd2 40. Rd7 Rd4 41. Kh2 Rg5 42. Rd6 Rc4 43. Ra3 Rxc5 44. Ra6 Rg6 45. Rd8 Rc2+ 46. Kh1 Rc3 0-1

[Event "KAZ-ch"]
[Site "Almaty"]
[Date "2016.05.10"]
[Round "8"]
[White "Urazayev, Arystanbek"]
[Black "Gurkin, Anton"]
[Result "1/2-1/2"]
[WhiteElo "2354"]
[BlackElo "2276"]
[PlyCount "109"]
[EventDate "2016.05.03"]
[EventType "tourn"]
[EventRounds "11"]
[EventCountry "KAZ"]
[EventCategory "8"]
[SourceTitle "CBM 172 Extra"]
[Source "ChessBase"]
[SourceDate "2016.06.21"]
[SourceVersion "1"]
[SourceVersionDate "2016.06.21"]
[SourceQuality "1"]

1. c4 e6 2. g3 d5 3. Bg2 c6 4. Nf3 Nd7 5. cxd5 exd5 6. 0-0 Ngf6 7. Nc3 Bd6 8. d3 0-0 9. e4 dxe4 10. dxe4 Qe7 11. Re1 Ne5 12. Nxe5 Bxe5 13. h3 Rd8 14. Qc2 Be6 15. Be3 Bd4 16. Rad1 Bxe3 17. Rxe3 Rxd1+ 18. Qxd1 Rd8 19. Rd3 Rxd3 20. Qxd3 Qd7 21. Qe3 b6 22. Kh2 c5 23. Nd5 Bxd5 24. exd5 Qd6 25. f4 h5 26. Kg1 Kf8 27. Qd2 Ne8 28. Bf3 g6 29. Qc3 Qf6 30. Qe5 Qd6 31. Kf2 f6 32. Qe4 f5 33. Qe5 Qf6 34. Be2 Kf7 35. Bb5 Nd6 36. a4 h4 37. Bd3 hxg3+ 38. Kxg3 a5 39. b3 Kg7 40. Bc4 Nf7 41. Qe3 Kf8 42. Bf1 Nd6 43. Bg2 Qb2 44. Bf3 Qa1 45. h4 Qf6 46. Qe5 Kg7 47. h5 Nf7 48. Qe3 Kf8 49. Qe6 Kg7 50. Qe3 Kh6 51. Qe6 Kg7 52. Qe3 Kf8 53. Qe6 Kg7 54. Qe3 Kh6 55. Qe6 1/2-1/2

[Event "KAZ-ch"]
[Site "Almaty"]
[Date "2016.05.08"]
[Round "6"]
[White "Ismagambetov, Anuar"]
[Black "Gurkin, Anton"]
[Result "1-0"]
[WhiteElo "2559"]
[BlackElo "2276"]
[PlyCount "33"]
[EventDate "2016.05.03"]
[EventType "tourn"]
[EventRounds "11"]
[EventCountry "KAZ"]
[EventCategory "8"]
[SourceTitle "CBM 172 Extra"]
[Source "ChessBase"]
[SourceDate "2016.06.21"]
[SourceVersion "1"]
[SourceVersionDate "2016.06.21"]
[SourceQuality "1"]

1. e4 c5 2. Nf3 Nc6 3. d4 cxd4 4. Nxd4 e5 5. Nb5 a6 6. Nd6+ Bxd6 7. Qxd6 Qe7 8. Qd1 Nf6 9. Nc3 b5 10. Bg5 Qb4 11. Bxf6 gxf6 12. Bd3 Ne7 13. 0-0 Qxb2 14. Qd2 Rg8 15. a3 Nc6 16. Ra2 Nd4 17. f3 1-0

[Event "KAZ-ch"]
[Site "Almaty"]
[Date "2016.05.06"]
[Round "4"]
[White "Gurkin, Anton"]
[Black "Khusnutdinov, Rustam"]
[Result "0-1"]
[WhiteElo "2276"]
[BlackElo "2487"]
[PlyCount "80"]
[EventDate "2016.05.03"]
[EventType "tourn"]
[EventRounds "11"]
[EventCountry "KAZ"]
[EventCategory "8"]
[SourceTitle "CBM 172 Extra"]
[Source "ChessBase"]
[SourceDate "2016.06.21"]
[SourceVersion "1"]
[SourceVersionDate "2016.06.21"]
[SourceQuality "1"]

1. e4 c5 2. Nf3 e6 3. d4 cxd4 4. Nxd4 Nc6 5. Be3 Nf6 6. Bd3 d5 7. exd5 Nxd5 8. Nxc6 bxc6 9. Bd4 Rb8 10. 0-0 c5 11. Be5 Bd6 12. Bxd6 Qxd6 13. Nd2 Nf4 14. Ne4 Qe5 15. Re1 0-0 16. b3 Bb7 17. Ng3 Qc3 18. Re3 Qd4 19. Ne2 Nxe2+ 20. Bxe2 Rfd8 21. Qe1 g6 22. a4 Qf6 23. Qc3 Rd4 24. a5 Rbd8 25. Rf1 Qg5 26. Rg3 Qe5 27. Bd3 Qd6 28. Re1 Ba8 29. h3 Bd5 30. Qa1 Bxb3 31. Bxg6 hxg6 32. Rxb3 Qd5 33. Qb2 c4 34. Rb5 Qc6 35. Rb7 c3 36. Qb3 Rd1 37. Rxd1 Rxd1+ 38. Kh2 Qd6+ 39. g3 Qc6 40. f3 Qxf3 0-1

[Event "KAZ-ch sf"]
[Site "Pavlodar"]
[Date "2016.02.12"]
[Round "7"]
[White "Kuderinov, Kirill"]
[Black "Gurkin, Anton"]
[Result "1-0"]
[WhiteElo "2473"]
[BlackElo "2226"]
[PlyCount "50"]
[EventDate "2016.02.05"]
[EventType "swiss"]
[EventRounds "9"]
[EventCountry "KAZ"]
[SourceTitle "CBM 171 Extra"]
[Source "ChessBase"]
[SourceDate "2016.04.26"]
[SourceVersion "1"]
[SourceVersionDate "2016.04.26"]
[SourceQuality "1"]

1. e4 Nf6 2. e5 Nd5 3. d4 d6 4. Nf3 Bg4 5. Be2 e6 6. 0-0 c6 7. c4 Ne7 8. exd6 Qxd6 9. Nc3 Ng6 10. d5 Be7 11. Ne4 Qd8 12. dxe6 Bxe6 13. Qxd8+ Kxd8 14. Nfg5 Ke8 15. Nxe6 fxe6 16. Bg4 Kf7 17. f4 Bf6 18. Nd6+ Ke7 19. Nxb7 Bd4+ 20. Kh1 a5 21. Re1 Nf8 22. Bxe6 Nxe6 23. f5 Kf6 24. fxe6 Re8 25. Nd6 Re7 1-0

[Event "KAZ-ch sf"]
[Site "Pavlodar"]
[Date "2016.02.11"]
[Round "6"]
[White "Gurkin, Anton"]
[Black "Arestanov, Timur"]
[Result "1-0"]
[WhiteElo "2226"]
[BlackElo "2261"]
[PlyCount "59"]
[EventDate "2016.02.05"]
[EventType "swiss"]
[EventRounds "9"]
[EventCountry "KAZ"]
[SourceTitle "CBM 171 Extra"]
[Source "ChessBase"]
[SourceDate "2016.04.26"]
[SourceVersion "1"]
[SourceVersionDate "2016.04.26"]
[SourceQuality "1"]

1. e4 c5 2. Nc3 Nc6 3. g3 g6 4. Bg2 Bg7 5. Nge2 d6 6. 0-0 Nh6 7. d3 Bd7 8. h3 0-0 9. Be3 f5 10. Rb1 Rb8 11. Qd2 Nf7 12. d4 cxd4 13. Nxd4 fxe4 14. Nxe4 Qc8 15. Kh2 Nfe5 16. Ng5 Kh8 17. b3 h6 18. f4 hxg5 19. fxe5 Bxe5 20. Nf3 Rxf3 21. Rxf3 g4 22. Rf2 gxh3 23. Be4 Qg8 24. Rbf1 Bf5 25. Bf4 Bd4 26. Bxc6 Bxf2 27. Bd5 e6 28. Bxd6 Rc8 29. Rxf2 exd5 30. Rxf5 1-0

[Event "Pavlodar op"]
[Site "Pavlodar"]
[Date "2014.12.05"]
[Round "6"]
[White "Gurkin, Anton"]
[Black "Korchmar, Vasiliy"]
[Result "1-0"]
[WhiteElo "2180"]
[BlackElo "2394"]
[PlyCount "127"]
[EventDate "2014.12.01"]
[EventType "swiss"]
[EventRounds "9"]
[EventCountry "KAZ"]
[SourceTitle "EXT 2016"]
[Source "ChessBase"]
[SourceDate "2015.10.08"]
[SourceVersion "1"]
[SourceVersionDate "2015.10.08"]
[SourceQuality "1"]

1. e4 c5 2. Nc3 d6 3. g3 Nc6 4. Bg2 g6 5. Nf3 Bg7 6. 0-0 Nf6 7. d4 cxd4 8. Nxd4 Bg4 9. Qd3 0-0 10. h3 Bd7 11. Be3 Ne5 12. Qe2 Qc8 13. Kh2 Nc4 14. Bc1 e5 15. Nb3 h6 16. a4 b6 17. Rd1 Re8 18. Bf1 Be6 19. a5 Rd8 20. Ra4 Nxa5 21. Nxa5 bxa5 22. Rxa5 Qc7 23. Qa6 Bc8 24. Qb5 Bb7 25. Qa4 Nxe4 26. Nd5 Bxd5 27. Raxd5 Nf6 28. Ra5 Rac8 29. c4 Qb6 30. Be3 Qxb2 31. Rb5 Qc3 32. Rc1 Ne4 33. Rxc3 Nxc3 34. Qxa7 Nxb5 35. cxb5 d5 36. b6 d4 37. Bd2 Ra8 38. Qe7 Rdb8 39. Qb4 e4 40. Bc4 Re8 41. b7 Rad8 42. Bf4 e3 43. b8Q Rxb8 44. Qxb8 Rxb8 45. Bxb8 exf2 46. Kg2 Kf8 47. Bd6+ Ke8 48. Bb5+ Kd8 49. Kxf2 f5 50. Ke2 g5 51. g4 fxg4 52. hxg4 Bf6 53. Bf8 Kc7 54. Bxh6 Kd6 55. Bf8+ Ke5 56. Kd3 Kd5 57. Ba3 Ke5 58. Bd7 Kd5 59. Bb2 Be5 60. Bf5 Bf6 61. Be4+ Kc5 62. Ba3+ Kb5 63. Bd5 Kb6 64. Kc4 1-0

[Event "Pavlodar op"]
[Site "Pavlodar"]
[Date "2014.12.04"]
[Round "5"]
[White "Aitbayev, Aslan"]
[Black "Gurkin, Anton"]
[Result "1/2-1/2"]
[WhiteElo "2436"]
[BlackElo "2180"]
[PlyCount "145"]
[EventDate "2014.12.01"]
[EventType "swiss"]
[EventRounds "9"]
[EventCountry "KAZ"]
[SourceTitle "EXT 2016"]
[Source "ChessBase"]
[SourceDate "2015.10.08"]
[SourceVersion "1"]
[SourceVersionDate "2015.10.08"]
[SourceQuality "1"]

1. e4 Nf6 2. e5 Nd5 3. d4 d6 4. Nf3 Bg4 5. Be2 c6 6. 0-0 Bxf3 7. Bxf3 dxe5 8. dxe5 e6 9. Nd2 Nd7 10. Nc4 b5 11. Nd6+ Bxd6 12. exd6 N7b6 13. Qd4 0-0 14. b3 Qf6 15. Qxf6 gxf6 16. Bb2 b4 17. a3 a5 18. Rfd1 Rfd8 19. g4 e5 20. g5 Kg7 21. axb4 axb4 22. Rxa8 Rxa8 23. Re1 Re8 24. Bg4 Nc3 25. f4 fxg5 26. Rxe5 Rd8 27. Rxg5+ Kf6 28. Rf5+ Ke6 29. Rb5+ Kxd6 30. Rxb6 Rg8 31. h3 Nd5 32. Rb7 f5 33. Be5+ Ke6 34. Rxh7 fxg4 35. hxg4 Rxg4+ 36. Kf2 Ne7 37. Kf3 Rg1 38. Rh6+ Kd5 39. Rd6+ Kc5 40. Rd2 Nf5 41. Ke4 Ng3+ 42. Kf3 Nf5 43. Ke4 Ng3+ 44. Kd3 Nf5 45. Rh2 Kd5 46. Rh5 Rg3+ 47. Kd2 Ke4 48. Rh2 c5 49. Re2+ Re3 50. Rh2 Rg3 51. Rf2 Rh3 52. Bb8 Nd4 53. Ba7 Rh1 54. Bxc5 Nf3+ 55. Rxf3 Kxf3 56. Bxb4 Kxf4 57. Kd3 Ke5 58. Kc4 Rh4+ 59. Kb5 Ke6 60. Bc5 Rh3 61. Bd4 Kd5 62. Ba1 Kd6 63. b4 Rh1 64. Bd4 Rh4 65. c3 Kd5 66. Bf6 Rc4 67. Bd4 Rc8 68. Ka6 Kc4 69. b5 Ra8+ 70. Kb7 Rf8 71. b6 Kd5 72. Ka6 Kc6 73. Ka5 1/2-1/2

[Event "Pavlodar op"]
[Site "Pavlodar"]
[Date "2014.12.02"]
[Round "2"]
[White "Gurkin, Anton"]
[Black "Kuderinov, Kirill"]
[Result "0-1"]
[WhiteElo "2180"]
[BlackElo "2444"]
[PlyCount "44"]
[EventDate "2014.12.01"]
[EventType "swiss"]
[EventRounds "9"]
[EventCountry "KAZ"]
[SourceTitle "EXT 2016"]
[Source "ChessBase"]
[SourceDate "2015.10.08"]
[SourceVersion "1"]
[SourceVersionDate "2015.10.08"]
[SourceQuality "1"]

1. e4 c5 2. f4 d5 3. exd5 Nf6 4. Nc3 Nxd5 5. Qf3 Nb4 6. Qd1 Bf5 7. d3 N8c6 8. Be3 Nd4 9. Rc1 g6 10. Nf3 Bg7 11. Be2 0-0 12. a3 Nd5 13. Nxd5 Qxd5 14. b3 Qe6 15. Kf2 Qd6 16. Re1 Bd7 17. a4 Nf5 18. Qd2 Bc6 19. c3 Qd5 20. Rb1 Nxe3 21. Kxe3 e5 22. fxe5 Bh6+ 0-1

[Event "Pavlodar Tokkata"]
[Site "Pavlodar"]
[Date "2014.06.21"]
[Round "5"]
[White "Gurkin, Anton"]
[Black "Egorov, Evgeni"]
[Result "1/2-1/2"]
[WhiteElo "2169"]
[BlackElo "2366"]
[PlyCount "101"]
[EventDate "2014.06.13"]
[EventType "tourn"]
[EventRounds "9"]
[EventCountry "KAZ"]
[EventCategory "1"]
[SourceTitle "EXT 2018"]
[Source "ChessBase"]
[SourceDate "2017.10.13"]
[SourceVersion "1"]
[SourceVersionDate "2017.10.13"]
[SourceQuality "1"]

1. e4 d5 2. exd5 Nf6 3. d4 Bg4 4. Be2 Bxe2 5. Nxe2 Nxd5 6. 0-0 g6 7. c4 Nf6 8. Nbc3 Bg7 9. Bg5 0-0 10. Qd2 Nbd7 11. Rad1 Re8 12. Ng3 c6 13. Rfe1 Qa5 14. Bh6 Rad8 15. Bxg7 Kxg7 16. h3 h6 17. Qe3 a6 18. d5 cxd5 19. Nxd5 e6 20. Nxf6 Nxf6 21. a3 Qa4 22. Rxd8 Rxd8 23. Qc3 Rd1 24. Rxd1 Qxd1+ 25. Kh2 Qd6 26. Kg1 e5 27. b4 h5 28. Qe3 h4 29. Ne4 Qd1+ 30. Kh2 Qd4 31. Nc5 b5 32. cxb5 axb5 33. Qxd4 exd4 34. g3 Nd7 35. Kg2 Ne5 36. a4 bxa4 37. Nxa4 Kf6 38. Nc5 Ke7 39. f4 d3 40. Ne4 Nc4 41. Nf2 d2 42. Nd1 Kd6 43. gxh4 f5 44. Kf3 Kd5 45. Ke2 Ke4 46. b5 Kxf4 47. Kd3 Nb6 48. Kxd2 Kg3 49. Ke3 Kxh4 50. Kf4 Kxh3 51. Ne3 1/2-1/2

[Event "KAZ-ch"]
[Site "Astana"]
[Date "2014.05.10"]
[Round "8"]
[White "Jumabayev, Rinat"]
[Black "Gurkin, Anton"]
[Result "1-0"]
[WhiteElo "2561"]
[BlackElo "2206"]
[PlyCount "107"]
[EventDate "2014.05.03"]
[EventType "tourn"]
[EventRounds "11"]
[EventCountry "KAZ"]
[EventCategory "7"]
[SourceTitle "CBM 160 Extra"]
[Source "ChessBase"]
[SourceDate "2014.07.01"]
[SourceVersion "1"]
[SourceVersionDate "2014.07.01"]
[SourceQuality "1"]

1. c4 e6 2. g3 d5 3. Bg2 c6 4. Nf3 Bd6 5. 0-0 Qe7 6. Qc2 Nd7 7. Nc3 Ngf6 8. b3 0-0 9. d4 b6 10. e4 dxe4 11. Nxe4 Nxe4 12. Qxe4 Bb7 13. Re1 Rfe8 14. Bb2 Ba3 15. Bc3 Bb4 16. Bxb4 Qxb4 17. Qc2 Rad8 18. Rac1 h6 19. c5 Nf6 20. a3 Qa5 21. b4 Qa6 22. Qb2 Qa4 23. Ne5 Nd5 24. Nc4 Ba6 25. Nd6 Rf8 26. Be4 Bb5 27. Bc2 Qa6 28. Qb3 Rxd6 29. cxd6 Rd8 30. f4 Bc4 31. Qf3 Rxd6 32. f5 Nf6 33. fxe6 Bxe6 34. Bd3 b5 35. Bf1 Qb6 36. Rc5 Qd8 37. Qc3 Bd5 38. Qc2 Qd7 39. Bxb5 Qg4 40. Bxc6 Qxd4+ 41. Kf1 Be6 42. Qc3 Bh3+ 43. Bg2 Qg4 44. Bxh3 Qxh3+ 45. Kg1 Qg4 46. Rc4 Qd7 47. Rc8+ Kh7 48. Qc2+ g6 49. Rc7 Qg4 50. Rxf7+ Kg8 51. Rxa7 Nd7 52. Ra8+ Kg7 53. Qc3+ Kf7 54. Rf1+ 1-0

[Event "KAZ-ch"]
[Site "Astana"]
[Date "2014.05.09"]
[Round "7"]
[White "Gurkin, Anton"]
[Black "Khusnutdinov, Rustam"]
[Result "0-1"]
[WhiteElo "2206"]
[BlackElo "2495"]
[PlyCount "42"]
[EventDate "2014.05.03"]
[EventType "tourn"]
[EventRounds "11"]
[EventCountry "KAZ"]
[EventCategory "7"]
[SourceTitle "CBM 160 Extra"]
[Source "ChessBase"]
[SourceDate "2014.07.01"]
[SourceVersion "1"]
[SourceVersionDate "2014.07.01"]
[SourceQuality "1"]

1. e4 c5 2. a3 g6 3. b4 Bg7 4. Nc3 d6 5. Nf3 Nf6 6. Bb5+ Nbd7 7. bxc5 0-0 8. cxd6 exd6 9. 0-0 Nc5 10. e5 dxe5 11. Nxe5 Nfe4 12. Nxe4 Nxe4 13. Bb2 Bxe5 14. Bxe5 Qd5 15. d4 Qxb5 16. Qf3 Qc6 17. Rfe1 Nc3 18. d5 Nxd5 19. Rad1 Be6 20. c4 Qxc4 21. Rxd5 f6 0-1

[Event "KAZ-ch"]
[Site "Astana"]
[Date "2014.05.07"]
[Round "5"]
[White "Gurkin, Anton"]
[Black "Aitbayev, Aslan"]
[Result "0-1"]
[WhiteElo "2206"]
[BlackElo "2420"]
[PlyCount "58"]
[EventDate "2014.05.03"]
[EventType "tourn"]
[EventRounds "11"]
[EventCountry "KAZ"]
[EventCategory "7"]
[SourceTitle "CBM 160 Extra"]
[Source "ChessBase"]
[SourceDate "2014.07.01"]
[SourceVersion "1"]
[SourceVersionDate "2014.07.01"]
[SourceQuality "1"]

1. e4 c5 2. a3 g6 3. b4 Bg7 4. Nc3 b6 5. bxc5 bxc5 6. Rb1 Nc6 7. Nf3 Nf6 8. h3 0-0 9. e5 Nh5 10. Rb5 d6 11. g4 Nf4 12. d4 cxd4 13. Bxf4 dxc3 14. Qd5 dxe5 15. Bg5 Qxd5 16. Rxd5 Bb7 17. Rd7 Nd4 18. Nxd4 Bxh1 19. Nb5 e6 20. Nxa7 f6 21. Be3 Rf7 22. Rxf7 Kxf7 23. Bb5 Bh6 24. g5 Bxg5 25. Bb6 Be4 26. Kd1 Rb8 27. Bc5 Rd8+ 28. Bd3 Bf3+ 29. Ke1 Rxd3 0-1

[Event "KAZ-ch"]
[Site "Astana"]
[Date "2014.05.04"]
[Round "2"]
[White "Kuderinov, Kirill"]
[Black "Gurkin, Anton"]
[Result "1-0"]
[WhiteElo "2442"]
[BlackElo "2206"]
[PlyCount "63"]
[EventDate "2014.05.03"]
[EventType "tourn"]
[EventRounds "11"]
[EventCountry "KAZ"]
[EventCategory "7"]
[SourceTitle "CBM 160 Extra"]
[Source "ChessBase"]
[SourceDate "2014.07.01"]
[SourceVersion "1"]
[SourceVersionDate "2014.07.01"]
[SourceQuality "1"]

1. e4 Nf6 2. Nc3 d5 3. e5 d4 4. exf6 dxc3 5. bxc3 exf6 6. Nf3 Bd6 7. Be2 0-0 8. 0-0 c5 9. d4 Nc6 10. Be3 Qa5 11. Nd2 Rd8 12. d5 Ne7 13. Nc4 Qxc3 14. Bd2 Qd4 15. Nxd6 Rxd6 16. c4 Nf5 17. Qc1 Bd7 18. Re1 Re8 19. Bc3 Qh4 20. Bd3 Rc8 21. Re4 Qh5 22. g4 Qh3 23. Bf1 Qh4 24. Bg2 Nd4 25. Bxd4 cxd4 26. Qa3 Ra6 27. Qe7 Ba4 28. d6 g6 29. d7 Bxd7 30. Qxd7 Rxc4 31. Re8+ Kg7 32. Re7 1-0

[Event "Pavlodar Nikitin Memorial"]
[Site "Pavlodar"]
[Date "2014.01.25"]
[Round "8"]
[White "Gurkin, Anton"]
[Black "Bocharov, Ivan"]
[Result "1/2-1/2"]
[WhiteElo "2214"]
[BlackElo "2466"]
[PlyCount "20"]
[EventDate "2014.01.18"]
[EventType "tourn"]
[EventRounds "11"]
[EventCountry "KAZ"]
[EventCategory "4"]
[SourceTitle "EXT 2015"]
[Source "ChessBase"]
[SourceDate "2014.11.20"]
[SourceVersion "1"]
[SourceVersionDate "2014.11.20"]
[SourceQuality "1"]

1. e4 d5 2. Nc3 d4 3. Nce2 e5 4. Ng3 Be6 5. Nf3 f6 6. Bb5+ Nd7 7. 0-0 c6 8. Ba4 Nc5 9. Bb3 Nxb3 10. axb3 d3 1/2-1/2

[Event "Pavlodar op"]
[Site "Pavlodar"]
[Date "2013.12.11"]
[Round "3"]
[White "Khanin, Semen"]
[Black "Gurkin, Anton"]
[Result "1-0"]
[WhiteElo "2299"]
[BlackElo "2254"]
[PlyCount "85"]
[EventDate "2013.12.10"]
[EventType "swiss"]
[EventRounds "10"]
[EventCountry "KAZ"]
[SourceTitle "CBM 158 Extra"]
[Source "ChessBase"]
[SourceDate "2014.02.28"]
[SourceVersion "1"]
[SourceVersionDate "2014.02.28"]
[SourceQuality "1"]

1. e4 Nf6 2. e5 Nd5 3. d4 d6 4. c4 Nb6 5. exd6 cxd6 6. Nf3 g6 7. Be2 Bg7 8. h3 0-0 9. 0-0 e5 10. Nc3 Be6 11. b3 Bf5 12. Bg5 Qd7 13. Qd2 Nc6 14. d5 Nd4 15. Nxd4 exd4 16. Nb5 d3 17. Bxd3 Bxd3 18. Qxd3 Bxa1 19. Rxa1 a6 20. Nd4 Rfe8 21. Qd2 Qc7 22. Rd1 Nd7 23. Qc3 Re5 24. Bf4 Re4 25. Bh6 Nf6 26. f3 Re5 27. Qd2 Nh5 28. g4 Ng7 29. Bf4 Ree8 30. Qb4 Rad8 31. Bg5 Rd7 32. Bf6 h6 33. Qc3 Re5 34. Bxg7 Kxg7 35. f4 Qc5 36. Kg2 b5 37. fxe5 dxe5 38. Nc2 f6 39. Qe3 Qc7 40. c5 f5 41. d6 Qc6+ 42. Kh2 e4 43. Nb4 1-0

[Event "Mendeleev Memorial 4th"]
[Site "Tiumen"]
[Date "2013.11.09"]
[Round "6"]
[White "Gurkin, Anton"]
[Black "Postnikov, Daniil"]
[Result "1-0"]
[WhiteElo "2238"]
[BlackElo "2259"]
[PlyCount "75"]
[EventDate "2013.11.03"]
[EventType "tourn"]
[EventRounds "9"]
[EventCountry "RUS"]
[SourceTitle "EXT 2015"]
[Source "ChessBase"]
[SourceDate "2014.11.20"]
[SourceVersion "1"]
[SourceVersionDate "2014.11.20"]
[SourceQuality "1"]

1. e4 e5 2. f4 d5 3. exd5 exf4 4. Nf3 Nf6 5. Bc4 Nxd5 6. 0-0 Be6 7. Qe2 Be7 8. Nc3 Nc6 9. d4 0-0 10. Ne4 g5 11. c3 h6 12. Bd2 Bf5 13. Ne5 Nf6 14. Nxf6+ Bxf6 15. Nxf7 Rxf7 16. Qh5 Qf8 17. Bxf4 Ne7 18. Bg3 Kg7 19. Rae1 Bg6 20. Qg4 Nf5 21. Bxf7 Qxf7 22. Be5 Bxe5 23. Rxe5 Rf8 24. Qe4 h5 25. Qxb7 Qc4 26. Rc5 Qd3 27. Rxc7+ Kh6 28. Qf3 Qc2 29. h4 Qd2 30. hxg5+ Kxg5 31. Rc5 h4 32. Qe4 Rf7 33. Rf2 Qd1+ 34. Kh2 Qg4 35. Qe3+ Kh5 36. Rf3 Rc7 37. Rfxf5+ Bxf5 38. Rxc7 1-0

[Event "Mendeleev Memorial 4th"]
[Site "Tiumen"]
[Date "2013.11.08"]
[Round "5"]
[White "Kazakov, Konstantin"]
[Black "Gurkin, Anton"]
[Result "1/2-1/2"]
[WhiteElo "2346"]
[BlackElo "2238"]
[PlyCount "88"]
[EventDate "2013.11.03"]
[EventType "tourn"]
[EventRounds "9"]
[EventCountry "RUS"]
[SourceTitle "EXT 2015"]
[Source "ChessBase"]
[SourceDate "2014.11.20"]
[SourceVersion "1"]
[SourceVersionDate "2014.11.20"]
[SourceQuality "1"]

1. e4 Nf6 2. e5 Nd5 3. d4 d6 4. Nf3 c5 5. c4 Nc7 6. dxc5 dxc5 7. Qxd8+ Kxd8 8. Be3 b6 9. Nc3 Bb7 10. 0-0-0+ Ke8 11. Bd3 g6 12. h4 Nd7 13. h5 Bg7 14. hxg6 hxg6 15. Rxh8+ Bxh8 16. Rh1 Bg7 17. Be4 Bxe4 18. Nxe4 Nxe5 19. Rh7 Nd3+ 20. Kc2 Nb4+ 21. Kb3 Kf8 22. Bf4 Ne6 23. Be5 Kg8 24. Rh1 Bxe5 25. Nxe5 Nd4+ 26. Ka4 a6 27. a3 Nbc6 28. Nxc6 Nxc6 29. b4 cxb4 30. axb4 Ne5 31. c5 b5+ 32. Kb3 a5 33. Nc3 Nd3 34. Nxb5 Nxb4 35. Nd4 Rc8 36. Kc4 Na6 37. Nb3 a4 38. Ra1 axb3 39. Rxa6 Rb8 40. Ra1 b2 41. Rb1 Kf8 42. Kc3 Rb5 43. Kc4 Rb8 44. Kc3 Rb5 1/2-1/2

[Event "Mendeleev Memorial 4th"]
[Site "Tiumen"]
[Date "2013.11.06"]
[Round "3"]
[White "Yuffa, Daniil"]
[Black "Gurkin, Anton"]
[Result "1/2-1/2"]
[WhiteElo "2368"]
[BlackElo "2238"]
[PlyCount "168"]
[EventDate "2013.11.03"]
[EventType "tourn"]
[EventRounds "9"]
[EventCountry "RUS"]
[SourceTitle "EXT 2015"]
[Source "ChessBase"]
[SourceDate "2014.11.20"]
[SourceVersion "1"]
[SourceVersionDate "2014.11.20"]
[SourceQuality "1"]

1. c4 Nf6 2. d4 e5 3. dxe5 Ng4 4. Nf3 Nc6 5. Bf4 Bb4+ 6. Nbd2 Qe7 7. a3 Ngxe5 8. Nxe5 Nxe5 9. e3 Bxd2+ 10. Qxd2 d6 11. Be2 Bd7 12. 0-0 h5 13. c5 g5 14. cxd6 cxd6 15. Bxe5 dxe5 16. Rac1 Bc6 17. Qa5 Kf8 18. b4 b6 19. Qa6 Rh6 20. Rfd1 h4 21. Bg4 Rd6 22. Rxd6 Qxd6 23. Qc4 Bb7 24. Bh5 Qe7 25. Qxf7+ Qxf7 26. Bxf7 Kxf7 27. Rc7+ Kf6 28. Rxb7 g4 29. Kf1 Rc8 30. Rxa7 Rc1+ 31. Ke2 Rc2+ 32. Ke1 Rc1+ 33. Kd2 Rg1 34. Rh7 Rxg2 35. Rxh4 Kg5 36. Rh8 Rxf2+ 37. Kd3 Ra2 38. Ke4 Rxa3 39. Rg8+ Kf6 40. Rxg4 Rb3 41. Kf3 Rb2 42. h4 Rh2 43. Ke4 Rh3 44. b5 Rh1 45. Kd5 Re1 46. Re4 Rb1 47. Kc6 Kf5 48. Rc4 e4 49. Rc3 Rd1 50. Kxb6 Rd3 51. Rc1 Rxe3 52. Rh1 Kg6 53. Kc5 Rc3+ 54. Kd4 Rb3 55. Kc4 Rb2 56. h5+ Kh6 57. Re1 Rc2+ 58. Kb4 Rb2+ 59. Kc5 Rc2+ 60. Kd6 Rd2+ 61. Kc5 Rc2+ 62. Kd4 Rb2 63. Kc4 Rc2+ 64. Kb3 Rc5 65. Kb4 Re5 66. Rh1 e3 67. b6 e2 68. Re1 Re7 69. Kc5 Kxh5 70. Kd6 Re3 71. b7 Rb3 72. Kc6 Rc3+ 73. Kd7 Rb3 74. Kc8 Rc3+ 75. Kd7 Rd3+ 76. Kc6 Rc3+ 77. Kb6 Rb3+ 78. Ka7 Ra3+ 79. Kb8 Ra2 80. Rg1 Rd2 81. Kc7 Rc2+ 82. Kd6 Rd2+ 83. Kc5 Rb2 84. Kc6 Rc2+ 1/2-1/2

[Event "KAZ-ch"]
[Site "Kostanay"]
[Date "2013.04.30"]
[Round "6"]
[White "Lozhnikov, Vyacheslav"]
[Black "Gurkin, Anton"]
[Result "1/2-1/2"]
[WhiteElo "2117"]
[BlackElo "2176"]
[PlyCount "94"]
[EventDate "2013.04.25"]
[EventType "tourn"]
[EventRounds "11"]
[EventCountry "KAZ"]
[EventCategory "3"]
[SourceTitle "CBM 154 Extra"]
[Source "ChessBase"]
[SourceDate "2013.06.25"]
[SourceVersion "2"]
[SourceVersionDate "2013.06.25"]
[SourceQuality "1"]

1. d4 d5 2. c4 Nc6 3. cxd5 Qxd5 4. Nf3 e5 5. Nc3 Bb4 6. dxe5 Qxd1+ 7. Kxd1 Bg4 8. h3 Bxf3 9. exf3 0-0-0+ 10. Kc2 Nxe5 11. Be3 Ne7 12. f4 N5c6 13. Bc4 Nd4+ 14. Kb1 Ndf5 15. Kc2 Nxe3+ 16. fxe3 Nf5 17. Rhe1 Rhe8 18. e4 Nd4+ 19. Kb1 b5 20. Bf1 c6 21. Rd1 Bxc3 22. bxc3 Ne6 23. Rxd8+ Rxd8 24. Kc2 Nxf4 25. a4 a6 26. axb5 axb5 27. Ra8+ Kd7 28. Ra7+ Ke6 29. Rc7 Rd6 30. c4 bxc4 31. Bxc4+ Ke5 32. Re7+ Kd4 33. Bxf7 c5 34. e5 Rc6 35. e6 Ke5 36. Bg8 g6 37. Rxh7 Nxe6 38. Bxe6 Rxe6 39. Rh4 Kf5 40. Rg4 Re4 41. Rg3 g5 42. Kc3 Ra4 43. Kb3 Rb4+ 44. Kc3 Kg6 45. Rd3 Kh5 46. g3 Ra4 47. h4 Ra3+ 1/2-1/2